[Event "King's Gambit Round One"]
[Site "SchemingMind.com"]
[Date "2007.12.04"]
[Round "-"]
[White "olivsan"]
[Black "pardesi"]
[Result "0-1"]
[WhiteCountry "BRA"]
[BlackCountry "USA"]
[WhiteElo "1541"]
[WhiteRD "76"]
[BlackElo "1573"]
[BlackRD "63"]
[GameID "130980"]

1. e4 e5 2. f4 exf4 3. Nf3 d6 4. d4 g5 5. h4 g4 6. Ng5 h6 7. Nxf7 Kxf7 8. Bxf4 Bg7 9. Nc3 Nc6 10. Bc4+ Ke8
11. Be3 Nf6 12. Qd3 Nb4 13. Qd2 Qe7 14. a3 Nc6 15. O-O-O Nxe4 16. Nd5 Nxd2 17. Nxe7 Nxc4 18. Nd5 Nxe3 19. Nxe3 Nxd4 20. Rde1 Be6
21. Nd5 Kd7 22. Nf4 Rae8 23. c3 Nb3+ 24. Kc2 Nc5 25. Kb1 Bf5+ 26. Ka2 Rxe1 27. Rxe1 Re8 28. Rd1 Re4 29. Rf1 Ne6 30. Nd5 c6
31. Nb4 Re2 32. Rxf5 Ke7 33. Rf1 Bxc3 34. Kb3 Bxb2 35. g3 Nc5+ 36. Ka2 a5 37. Rf4 Bc1+ 38. Kb1 Bxf4
0-1

[Event "King's Gambit Round One"]
[Site "SchemingMind.com"]
[Date "2007.12.04"]
[Round "-"]
[White "pardesi"]
[Black "olivsan"]
[Result "0-1"]
[WhiteCountry "USA"]
[BlackCountry "BRA"]
[WhiteElo "1514"]
[WhiteRD "62"]
[BlackElo "1589"]
[BlackRD "88"]
[GameID "130981"]

1. e4 e5 2. f4 Nc6 3. Nf3 d6 4. Bc4 Bg4 5. O-O Qe7 6. c3 O-O-O 7. d4 exf4 8. d5 Ne5 9. Be2 Nf6 10. Bxf4 Nxe4
11. Nxe5 Bxe2 12. Qxe2 dxe5 13. Qxe4 exf4 14. Qxe7 Bxe7 15. c4 g5 16. Nc3 Bc5+ 17. Kh1 Rhe8 18. Rae1 Rxe1 19. Rxe1 a6 20. a3 Bf2
21. Re2 Bc5 22. b4 Bd4 23. Nd1 c6 24. Re4 c5 25. h4 f6 26. bxc5 Bxc5 27. Re6 Bxa3 28. Rxf6 Bc1 29. Nc3 gxh4 30. Ne2 Re8
31. Re6 Rxe6 32. dxe6 Kd8 33. Kh2 Be3 34. Kh3 a5 35. Nc3 Bf2
0-1

[Event "King's Gambit Round One"]
[Site "SchemingMind.com"]
[Date "2007.11.30"]
[Round "-"]
[White "jhobeck"]
[Black "olivsan"]
[Result "0-1"]
[WhiteCountry "USA"]
[BlackCountry "BRA"]
[WhiteElo "1282"]
[WhiteRD "71"]
[BlackElo "1589"]
[BlackRD "88"]
[GameID "131024"]

1. e4 e5 2. f4 Nc6 3. Nf3 Qe7 4. d3 d6 5. Nc3 exf4 6. Bxf4 Bg4 7. Qd2 Nf6 8. O-O-O O-O-O 9. Nd5 Nxd5 10. exd5 Nd4
11. h3 Bxf3 12. gxf3 Nxf3 13. Qe2 Qxe2 14. Bxe2 Nd4 15. Bg4+ f5 16. Bh5 g6 17. Bg5 gxh5 18. Bxd8 Kxd8 19. Rhg1 Ne2+ 20. Kb1 Nxg1
21. Rxg1 f4 22. Rg5 f3 23. Rf5 Rg8 24. a3 Rg1+ 25. Ka2 Ke8 26. Rxh5 f2 27. Rxh7 f1=Q
0-1

[Event "King's Gambit Round One"]
[Site "SchemingMind.com"]
[Date "2007.12.05"]
[Round "-"]
[White "jhobeck"]
[Black "pardesi"]
[Result "0-1"]
[WhiteCountry "USA"]
[BlackCountry "USA"]
[WhiteElo "1282"]
[WhiteRD "71"]
[BlackElo "1514"]
[BlackRD "62"]
[GameID "131025"]

1. e4 e5 2. f4 exf4 3. Nf3 d6 4. d4 g5 5. h4 g4 6. Ng1 Qe7 7. Nc3 Bh6 8. Bc4 Be6 9. Bb5+ c6 10. Bd3 Nf6
11. Nge2 Na6 12. Nxf4 Bxf4 13. Bxf4 O-O-O 14. Qd2 Rhg8 15. O-O-O Nb4 16. Be2 Nxa2+ 17. Nxa2 Bxa2 18. Rhe1 b6 19. e5 dxe5 20. Ba6+ Kb8
21. Bxe5+ Ka8 22. Bg3 Qd7 23. Re5 Rge8 24. Rde1 b5 25. Rc5 Ne4 26. Qe3 Nxc5
0-1

[Event "King's Gambit Round One"]
[Site "SchemingMind.com"]
[Date "2007.11.30"]
[Round "-"]
[White "olivsan"]
[Black "jhobeck"]
[Result "1-0"]
[WhiteCountry "BRA"]
[BlackCountry "USA"]
[WhiteElo "1541"]
[WhiteRD "76"]
[BlackElo "1278"]
[BlackRD "72"]
[GameID "131026"]

1. e4 e5 2. f4 d5 3. exd5 c6 4. Nc3 cxd5 5. fxe5 d4 6. Ne4 Qd5 7. Bd3 Qxe5 8. Nf3 Bg4 9. Nxe5 Bxd1 10. Kxd1 f6
11. Nf3 Ne7 12. Nxd4 Nd5 13. Ne2 Bb4 14. Bb5+ Nc6 15. Bxc6+ bxc6 16. a3 Ba5 17. d4 O-O 18. Bd2 Bc7 19. c4 Rae8 20. Nc5 Bd6
21. cxd5 cxd5 22. Nb7 Bc7 23. Bb4 Re4 24. Bxf8 Kxf8 25. Rc1 Bf4 26. Rc8+ Kf7 27. g3 Re3 28. gxf4 Rb3 29. Rc7+ Ke6 30. Kc2 Re3
31. Kd2 Rb3 32. Kc2 Rb6 33. Nd8+ Kf5 34. Rxg7
1-0

[Event "King's Gambit Round One"]
[Site "SchemingMind.com"]
[Date "2007.12.05"]
[Round "-"]
[White "pardesi"]
[Black "jhobeck"]
[Result "1-0"]
[WhiteCountry "USA"]
[BlackCountry "USA"]
[WhiteElo "1514"]
[WhiteRD "62"]
[BlackElo "1282"]
[BlackRD "71"]
[GameID "131027"]

1. e4 e5 2. f4 Bc5 3. Nf3 d6 4. c3 Bg4 5. Be2 Nf6 6. d3 O-O 7. d4 exd4 8. cxd4 Bb4+ 9. Bd2 Bxd2+ 10. Nbxd2 Nc6
11. d5 Ne7 12. O-O Ng6 13. f5 Ne7 14. h3 Bh5 15. g4 Nxg4 16. hxg4 Bxg4 17. Nh4 Bxe2 18. Qxe2 Nc8 19. Qh2 Qg5+ 20. Kh1 Nb6
21. Rg1 Qe3 22. f6 Na4 23. Rxg7+ Kh8 24. Ng6+ fxg6 25. Qxh7#
1-0

[Event "King's Gambit Round One"]
[Site "SchemingMind.com"]
[Date "2007.12.04"]
[Round "-"]
[White "Brerrabbit"]
[Black "olivsan"]
[Result "0-1"]
[WhiteCountry "SCO"]
[BlackCountry "BRA"]
[WhiteElo "1371"]
[WhiteRD "67"]
[BlackElo "1541"]
[BlackRD "76"]
[GameID "131558"]

1. e4 e5 2. f4 exf4 3. Nf3 Nc6 4. d3 Bd6 5. d4 f6 6. Bc4 Na5 7. e5 Nxc4 8. exd6 Nxd6 9. Bxf4 Qe7+ 10. Qe2 Qxe2+
11. Kxe2 b6 12. Re1 Bb7 13. Kf1+ Ne7 14. Nc3 Kf7 15. g4 Rhe8 16. Bxd6 cxd6 17. Nh4 Bc6 18. Rad1 Nd5 19. Nf5 Re6 20. Ne4 g6
21. Nexd6+ Kg8 22. Rxe6 dxe6 23. Nh6+ Kg7 24. g5 fxg5 25. Ng4 Rf8+ 26. Ke1 h5 27. Ne5 Ne3 28. Rd2 Ng2+ 29. Ke2 Bd5 30. Kd3 Nf4+
31. Ke3 Bxa2 32. c4 Bb1 33. d5 exd5 34. cxd5 Ba2 35. Ndc4 Re8 36. Kd4 b5 37. Nd6 Rb8 38. b4 Bb3 39. Nd7 Rd8 40. Ne4 Rxd7
41. Nxg5 Rxd5+ 42. Ke4 Rxd2
0-1

[Event "King's Gambit Round One"]
[Site "SchemingMind.com"]
[Date "2007.12.07"]
[Round "-"]
[White "Brerrabbit"]
[Black "pardesi"]
[Result "0-1"]
[WhiteCountry "SCO"]
[BlackCountry "USA"]
[WhiteElo "1372"]
[WhiteRD "74"]
[BlackElo "1461"]
[BlackRD "78"]
[GameID "131559"]

1. e4 e5 2. f4 exf4 3. Nf3 d6 4. Qe2 Nc6 5. d4 Bg4 6. Bxf4 Nxd4 7. h3 Nxe2 8. Bxe2 Bxf3 9. gxf3 Qh4+ 10. Kf1 Qxf4
11. Nc3 c6 12. Rg1 Qd2 13. Rd1 Qxc2
0-1

[Event "King's Gambit Round One"]
[Site "SchemingMind.com"]
[Date "2007.12.07"]
[Round "-"]
[White "Brerrabbit"]
[Black "jhobeck"]
[Result "0-1"]
[WhiteCountry "SCO"]
[BlackCountry "USA"]
[WhiteElo "1282"]
[WhiteRD "68"]
[BlackElo "1282"]
[BlackRD "71"]
[GameID "131560"]

1. e4 e5 2. f4 exf4 3. Nf3 Be7 4. Bc4 Nf6 5. Nc3 Nc6 6. Ng5 d6 7. Nxf7 Bg4 8. Be2 Kxf7 9. Bxg4 Re8 10. d4 Bf8
11. Bxf4 Nxe4 12. Be2 Qh4+ 13. g3 Qh3 14. Bg4 Qg2 15. Rf1 Nxc3+
0-1

[Event "King's Gambit Round One"]
[Site "SchemingMind.com"]
[Date "2007.12.03"]
[Round "-"]
[White "olivsan"]
[Black "Brerrabbit"]
[Result "1-0"]
[WhiteCountry "BRA"]
[BlackCountry "SCO"]
[WhiteElo "1546"]
[WhiteRD "90"]
[BlackElo "1372"]
[BlackRD "74"]
[GameID "131561"]

1. e4 e5 2. f4 exf4 3. Nf3 Be7 4. Bc4 Nf6 5. d3 Ng4 6. O-O Bc5+ 7. d4 Bb6 8. Bxf4 Qf6 9. e5 Qxf4 10. Qd2 Bxd4+
11. Qxd4 Ne3 12. Qxf4
1-0

[Event "King's Gambit Round One"]
[Site "SchemingMind.com"]
[Date "2007.12.07"]
[Round "-"]
[White "pardesi"]
[Black "Brerrabbit"]
[Result "1-0"]
[WhiteCountry "USA"]
[BlackCountry "SCO"]
[WhiteElo "1514"]
[WhiteRD "62"]
[BlackElo "1282"]
[BlackRD "68"]
[GameID "131562"]

1. e4 e5 2. f4 exf4 3. Bc4 Be7 4. Nf3 Bh4+ 5. Kf1 Nf6 6. Nxh4 Nxe4 7. Nf3 d5 8. Bb3 O-O 9. d3 Nc5 10. Bxf4 Re8
11. d4 Ne4 12. c4 dxc4 13. Bxc4 Nc6 14. Nc3 Be6 15. d5 Bd7 16. dxc6 Bxc6 17. Ne5 Kf8 18. Nxc6 bxc6 19. Qf3 Qd4 20. Bb3 g5
21. Rd1 Qb4 22. Bxc7 Re7 23. Rd8+ Rxd8 24. Bxd8 Nd2+ 25. Kf2 Nxf3 26. Bxe7+ Kxe7 27. gxf3 Qd4+ 28. Ke2 g4 29. fxg4 Qxg4+ 30. Kf2 f5
31. Rg1 Qd4+ 32. Kg2 f4 33. Re1+ Kf6 34. Rd1 Qe3 35. Rf1 c5 36. Nd5+
1-0

[Event "King's Gambit Round One"]
[Site "SchemingMind.com"]
[Date "2007.12.06"]
[Round "-"]
[White "jhobeck"]
[Black "Brerrabbit"]
[Result "0-1"]
[WhiteCountry "USA"]
[BlackCountry "SCO"]
[WhiteElo "1282"]
[WhiteRD "71"]
[BlackElo "1282"]
[BlackRD "68"]
[GameID "131563"]

1. e4 e5 2. f4 exf4 3. Nf3 Be7 4. Nc3 Bh4+ 5. g3 fxg3 6. h3 g2+ 7. Nxh4 Qxh4+ 8. Ke2 gxh1=Q 9. Nd5 Qh2+ 10. Kd3 Q4g3+
11. Kd4 Qe5+ 12. Kc4 d6 13. d4 b5+ 14. Kxb5 a6+ 15. Ka4 Bd7+ 16. Kb4 Nc6+ 17. Kc4 Qxd4+
0-1

[Event "King's Gambit Round One"]
[Site "SchemingMind.com"]
[Date "2007.12.06"]
[Round "-"]
[White "cnbcad"]
[Black "Brerrabbit"]
[Result "1-0"]
[WhiteCountry "USA"]
[BlackCountry "SCO"]
[WhiteElo "1503"]
[WhiteRD "59"]
[BlackElo "1282"]
[BlackRD "68"]
[GameID "131609"]

1. e4 e5 2. f4 exf4 3. Nf3 Be7 4. d4 Bh4+ 5. Kd2 d6 6. Nxh4 Qxh4 7. Be2 Nf6 8. Nc3 Qf2 9. Rf1 Qxd4+ 10. Ke1 Nxe4
11. Qxd4 Nf6 12. Bxf4 Nc6 13. Bb5 O-O 14. Nd5 Re8+ 15. Be3 Re4 16. Nxf6+
1-0

[Event "King's Gambit Round One"]
[Site "SchemingMind.com"]
[Date "2007.12.06"]
[Round "-"]
[White "cnbcad"]
[Black "olivsan"]
[Result "0-1"]
[WhiteCountry "USA"]
[BlackCountry "BRA"]
[WhiteElo "1503"]
[WhiteRD "58"]
[BlackElo "1546"]
[BlackRD "90"]
[GameID "131610"]

1. e4 e5 2. f4 exf4 3. Nf3 g5 4. h4 Be7 5. Nxg5 Bxg5 6. hxg5 Qxg5 7. Rh3 Nf6 8. Nc3 d6 9. d4 Bxh3 10. gxh3 Qg3+
11. Kd2 Qe3#
0-1

[Event "King's Gambit Round One"]
[Site "SchemingMind.com"]
[Date "2007.12.08"]
[Round "-"]
[White "cnbcad"]
[Black "pardesi"]
[Result "0-1"]
[WhiteCountry "USA"]
[BlackCountry "USA"]
[WhiteElo "1503"]
[WhiteRD "59"]
[BlackElo "1514"]
[BlackRD "62"]
[GameID "131611"]

1. e4 e5 2. f4 exf4 3. d4 Qh4+ 4. g3 fxg3 5. Nf3 g2+ 6. Nxh4 gxh1=Q 7. Qd3 d6 8. Kf2 Qxh2+ 9. Ng2 Nf6 10. Nc3 Be7
11. Qb5+ c6 12. Qd3 Ng4+
0-1

[Event "King's Gambit Round One"]
[Site "SchemingMind.com"]
[Date "2007.12.08"]
[Round "-"]
[White "cnbcad"]
[Black "jhobeck"]
[Result "1-0"]
[WhiteCountry "USA"]
[BlackCountry "USA"]
[WhiteElo "1503"]
[WhiteRD "59"]
[BlackElo "1282"]
[BlackRD "71"]
[GameID "131612"]

1. e4 e5 2. f4 Bc5 3. f5 d6 4. Nf3 Nf6 5. d4 Bb4+ 6. Bd2 Nc6 7. d5 Bxd2+ 8. Nbxd2 O-O 9. dxc6 bxc6 10. h3 Nh5
11. Nxe5 dxe5 12. Qxh5 Qf6 13. O-O-O Bb7 14. Nf3 c5 15. Bc4 Bxe4 16. Bd3 Bd5 17. Ng5 e4 18. Qxh7#
1-0

[Event "King's Gambit Round One"]
[Site "SchemingMind.com"]
[Date "2007.12.03"]
[Round "-"]
[White "Brerrabbit"]
[Black "cnbcad"]
[Result "0-1"]
[WhiteCountry "SCO"]
[BlackCountry "USA"]
[WhiteElo "1282"]
[WhiteRD "68"]
[BlackElo "1503"]
[BlackRD "59"]
[GameID "131613"]

1. e4 e5 2. f4 exf4 3. Nf3 Be7 4. Bc4 Bh4+ 5. Kf1 d6 6. d4 Bg4 7. Bxf4 Qf6 8. g3 Bg5 9. Qd3 Bxf4 10. gxf4 Qxf4
11. Nd2 Nf6 12. Ke2 O-O 13. h3 Bh5 14. e5 Re8 15. Raf1 Nc6 16. e6 Rxe6+ 17. Bxe6 Re8 18. d5 Nd4+ 19. Kd1 Nxf3 20. Rxf3 Bxf3+
21. Nxf3 fxe6 22. Rg1 exd5 23. Rf1 Re3 24. Qd2 Ne4 25. Qg2 Ng3 26. Rf2 Ne4 27. Rf1 Qf6 28. c3 Rd3+ 29. Nd2 Rxd2+ 30. Kc1 Rxg2
0-1

[Event "King's Gambit Round One"]
[Site "SchemingMind.com"]
[Date "2007.12.03"]
[Round "-"]
[White "olivsan"]
[Black "cnbcad"]
[Result "1/2-1/2"]
[WhiteCountry "BRA"]
[BlackCountry "USA"]
[WhiteElo "1541"]
[WhiteRD "76"]
[BlackElo "1556"]
[BlackRD "54"]
[GameID "131614"]

1. e4 e5 2. f4 exf4 3. Nf3 Nf6 4. Nc3 d5 5. exd5 Nxd5 6. Nxd5 Qxd5 7. c4 Qe4+ 8. Qe2 Qxe2+ 9. Bxe2 Bd6 10. d4 Bb4+
11. Bd2 Bxd2+ 12. Nxd2 O-O 13. O-O-O Re8 14. Rhe1 Bf5 15. Bf3 Nc6 16. a3 g5 17. Nb3 g4 18. Bd5 Rab8 19. Rxe8+ Rxe8 20. Nc5 Ne7
21. Bxb7 Ng6 22. Bd5 Ne7 23. Re1 Kf8 24. Re5 h5 25. Kd2 c6 26. Be4 Bxe4 27. Rxe4 Ng6 28. Nd7+ Kg7 29. Rxe8 Nh4 30. Re2 f3
31. gxf3 Nxf3+ 32. Ke3 Kg6 33. Kf4 Nxd4 34. Ne5+ Kf6 35. Re4 Ne6+ 36. Kg3 Ng5 37. Nd7+ Kf5 38. Rf4+ Kg6=
1/2-1/2

[Event "King's Gambit Round One"]
[Site "SchemingMind.com"]
[Date "2007.12.08"]
[Round "-"]
[White "pardesi"]
[Black "cnbcad"]
[Result "1-0"]
[WhiteCountry "USA"]
[BlackCountry "USA"]
[WhiteElo "1514"]
[WhiteRD "62"]
[BlackElo "1503"]
[BlackRD "59"]
[GameID "131615"]

1. e4 e5 2. f4 exf4 3. Bc4 Qh4+ 4. Kf1 Bc5 5. d4 Bb4 6. Nf3 Qg4 7. h3 Qg3 8. c3 Be7 9. Bd2 d6 10. Be1 Qg6
11. Bd2 Nf6 12. Bd3 Nxe4 13. Bxf4 Ng3+ 14. Kg1 Bf5 15. Bxf5 Qxf5 16. Bxg3 O-O 17. Kh2 Nd7 18. Rf1 Qb5 19. b3 Nf6 20. c4 Qf5
21. Nc3 a6 22. d5 Qh5 23. Qd3 c5 24. Rab1 Rae8 25. b4 Ng4+ 26. Kg1 Nf6 27. a4 b5 28. axb5 axb5 29. Nxb5 Ne4 30. Qxe4 cxb4
31. Rxb4 f5 32. Qe6+ Kh8 33. Nxd6 Rd8 34. Qxe7
1-0

[Event "King's Gambit Round One"]
[Site "SchemingMind.com"]
[Date "2007.12.06"]
[Round "-"]
[White "jhobeck"]
[Black "cnbcad"]
[Result "0-1"]
[WhiteCountry "USA"]
[BlackCountry "USA"]
[WhiteElo "1282"]
[WhiteRD "71"]
[BlackElo "1503"]
[BlackRD "59"]
[GameID "131616"]

1. e4 e5 2. f4 exf4 3. Nf3 Be7 4. Bc4 d5 5. Bb5+ c6 6. Bd3 Nf6 7. e5 Ne4 8. b3 Bh4+ 9. Nxh4 Qxh4+ 10. g3 fxg3
11. Qf3 Bg4 12. Qf4 g2+ 13. Qf2 Nxf2
0-1

[Event "King's Gambit Round One"]
[Site "SchemingMind.com"]
[Date "2007.12.08"]
[Round "-"]
[White "cnile"]
[Black "cnbcad"]
[Result "0-1"]
[WhiteCountry "SCO"]
[BlackCountry "USA"]
[WhiteElo "1418"]
[WhiteRD "71"]
[BlackElo "1556"]
[BlackRD "54"]
[GameID "131747"]

1. e4 e5 2. f4 exf4 3. Nf3 Be7 4. d4 Bh4+ 5. Ke2 d6 6. Bxf4 Bg4 7. Nd2 Nf6 8. h3 Bxf3+ 9. Kxf3 d5 10. e5 Nfd7
11. Bd3 g5 12. Be3 Rg8 13. Bxh7 Rg7 14. Bf5 Qe7 15. Kg4 Nc6 16. Qf3 Ncxe5+ 17. dxe5 Nxe5+
0-1

[Event "King's Gambit Round One"]
[Site "SchemingMind.com"]
[Date "2007.12.04"]
[Round "-"]
[White "cnile"]
[Black "Brerrabbit"]
[Result "1-0"]
[WhiteCountry "SCO"]
[BlackCountry "SCO"]
[WhiteElo "1418"]
[WhiteRD "71"]
[BlackElo "1371"]
[BlackRD "67"]
[GameID "131748"]

1. e4 e5 2. f4 exf4 3. Nf3 Be7 4. Bc4 Nf6 5. Nc3 d5 6. exd5 Ng4 7. O-O O-O 8. d4 c6 9. Bxf4 Bd6 10. Ne5 c5
11. dxc5 Bxc5+ 12. Kh1 Nf2+ 13. Rxf2 Bxf2 14. Ne4 Bh4 15. Qh5 Bf5 16. Qxf5 g6 17. Qg4 f5 18. d6+ Kg7 19. Nxg6 hxg6 20. Be5+ Kh7
21. Qh3 fxe4 22. Rd1 Nd7 23. Bc3 Rf2 24. g3 Rf3 25. Be2 Re3 26. Bd2 Qf6 27. Bxe3 g5 28. Qxd7+ Kg6 29. gxh4 Rh8 30. h5+ Kh6
31. Qe7
1-0

[Event "King's Gambit Round One"]
[Site "SchemingMind.com"]
[Date "2007.12.08"]
[Round "-"]
[White "cnile"]
[Black "olivsan"]
[Result "1/2-1/2"]
[WhiteCountry "SCO"]
[BlackCountry "BRA"]
[WhiteElo "1418"]
[WhiteRD "71"]
[BlackElo "1541"]
[BlackRD "76"]
[GameID "131749"]

1. e4 e5 2. f4 exf4 3. Nf3 d6 4. d4 Nc6 5. Bxf4 Bg4 6. Bc4 Bxf3 7. gxf3 Qh4+ 8. Bg3 Qf6 9. Nc3 Nxd4 10. Qd3 Qxf3
11. Qxd4 Qxh1+ 12. Kd2 Qxa1 13. Bxf7+ Kxf7 14. Qd5+ Ke8 15. Qe6+ Be7 16. Bh4 Nf6 17. Nd5 Nxd5 18. exd5 Kf8 19. Qxe7+=
1/2-1/2

[Event "King's Gambit Round One"]
[Site "SchemingMind.com"]
[Date "2007.12.08"]
[Round "-"]
[White "cnile"]
[Black "pardesi"]
[Result "0-1"]
[WhiteCountry "SCO"]
[BlackCountry "USA"]
[WhiteElo "1345"]
[WhiteRD "81"]
[BlackElo "1514"]
[BlackRD "62"]
[GameID "131750"]

1. e4 e5 2. f4 exf4 3. Nf3 d6 4. d4 g5 5. Bc4 h6 6. O-O Bg7 7. Nc3 Nc6 8. Qe2 Nxd4 9. Nxd4 Bxd4+ 10. Kh1 Nf6
11. Bxf4 gxf4 12. Rxf4 Be6 13. Bd3 Rg8 14. e5 Nd5 15. Qe4 Nxf4 16. Qxf4 Bxe5 17. Qxh6 Qf6 18. Rf1 Qxh6
0-1

[Event "King's Gambit Round One"]
[Site "SchemingMind.com"]
[Date "2007.12.08"]
[Round "-"]
[White "cnile"]
[Black "jhobeck"]
[Result "1-0"]
[WhiteCountry "SCO"]
[BlackCountry "USA"]
[WhiteElo "1418"]
[WhiteRD "71"]
[BlackElo "1278"]
[BlackRD "72"]
[GameID "131751"]

1. e4 e5 2. f4 Bc5 3. Nf3 d6 4. Bc4 Nc6 5. Nc3 exf4 6. d4 Bb4 7. Bxf4 Nf6 8. O-O a6 9. Qe2 Bg4 10. Nd5 O-O
11. c3 Ba5 12. b4 b5 13. Bb3 Bb6 14. Nxf6+ Qxf6 15. Rae1 Rae8 16. Qd3 Qxf4 17. Ne5 Nxe5 18. Qc2 Qg5 19. Kh1 Nf3 20. gxf3 Bh3
21. Rg1 Qf4 22. Qd3 c6 23. Bc2 d5 24. e5 Qh4 25. Rg3 Bd8 26. f4 Qxf4 27. Qxh7#
1-0

[Event "King's Gambit Round One"]
[Site "SchemingMind.com"]
[Date "2007.12.08"]
[Round "-"]
[White "cnbcad"]
[Black "cnile"]
[Result "0-1"]
[WhiteCountry "USA"]
[BlackCountry "SCO"]
[WhiteElo "1556"]
[WhiteRD "54"]
[BlackElo "1418"]
[BlackRD "71"]
[GameID "131752"]

1. e4 e5 2. f4 Bc5 3. Nf3 Nc6 4. f5 Nf6 5. c3 Nxe4 6. d4 exd4 7. Qd3 d5 8. cxd4 Nxd4 9. Nxd4 Qh4+ 10. g3 Nxg3
11. Qxg3 Qxd4 12. Nc3 O-O 13. Bd2 Bxf5 14. Ne2 Rae8 15. Bc3 Qg4 16. Qxg4 Bxg4 17. O-O-O Bxe2 18. Bxe2 Rxe2 19. Rhg1 Bxg1 20. Rxg1 g6
0-1

[Event "King's Gambit Round One"]
[Site "SchemingMind.com"]
[Date "2007.12.05"]
[Round "-"]
[White "Brerrabbit"]
[Black "cnile"]
[Result "0-1"]
[WhiteCountry "SCO"]
[BlackCountry "SCO"]
[WhiteElo "1282"]
[WhiteRD "68"]
[BlackElo "1345"]
[BlackRD "81"]
[GameID "131753"]

1. e4 e5 2. f4 Bc5 3. Nf3 Nc6 4. Nc3 d6 5. Bb5 Qe7 6. d4 exd4 7. Nxd4 Nf6 8. Nxc6 bxc6 9. Bxc6+ Bd7 10. Bxa8 O-O
11. Bd5 Bf5 12. Qe2 Bg4 13. Qd2 Bb4 14. Qd4 Bc5 15. Qd3 Re8 16. h3 Bf5 17. g4 Nxe4 18. gxf5 Qh4+ 19. Ke2 Nf2+
0-1

[Event "King's Gambit Round One"]
[Site "SchemingMind.com"]
[Date "2007.12.08"]
[Round "-"]
[White "olivsan"]
[Black "cnile"]
[Result "1-0"]
[WhiteCountry "BRA"]
[BlackCountry "SCO"]
[WhiteElo "1589"]
[WhiteRD "88"]
[BlackElo "1345"]
[BlackRD "81"]
[GameID "131754"]

1. e4 e5 2. f4 Bc5 3. Nc3 Nc6 4. Nf3 exf4 5. d4 Bb4 6. Bxf4 Nf6 7. a3 Bxc3+ 8. bxc3 Nxe4 9. Bd2 d5 10. Bb5 O-O
11. O-O Ne7 12. Bg5 Nxg5 13. Nxg5 c6 14. Qd3 cxb5 15. Qxh7#
1-0

[Event "King's Gambit Round One"]
[Site "SchemingMind.com"]
[Date "2007.12.06"]
[Round "-"]
[White "jhobeck"]
[Black "cnile"]
[Result "0-1"]
[WhiteCountry "USA"]
[BlackCountry "SCO"]
[WhiteElo "1278"]
[WhiteRD "72"]
[BlackElo "1418"]
[BlackRD "71"]
[GameID "131756"]

1. e4 e5 2. f4 Bc5 3. Nf3 Nf6 4. Bc4 d6 5. fxe5 Nxe4 6. Qe2 d5 7. d4 Bxd4 8. Bb5+ c6 9. Nxd4 cxb5 10. Nc3 Be6
11. Ncxb5 O-O 12. Nd6 Qh4+ 13. g3 Nxg3 14. Qf3 Nxh1+ 15. Kd2 Qxd4+ 16. Ke1 Qh4+ 17. Kd1 Bg4 18. Qe2 Bxe2+ 19. Kxe2 Nc6 20. Be3 Qxh2+
0-1

[Event "King's Gambit Round One"]
[Site "SchemingMind.com"]
[Date "2007.12.06"]
[Round "-"]
[White "rao"]
[Black "cnbcad"]
[Result "0-1"]
[WhiteCountry "INT"]
[BlackCountry "USA"]
[WhiteElo "1400"]
[WhiteRD "70"]
[BlackElo "1556"]
[BlackRD "54"]
[GameID "131817"]

1. e4 e5 2. f4 exf4 3. Nf3 Be7 4. Bc4 Bh4+ 5. Nxh4 Qxh4+ 6. Kf1 d6 7. d3 Nf6 8. Qf3 Nh5 9. Nc3 Bg4 10. Qf2 Qf6
11. Nd5 Qd8 12. Nxf4 Nxf4 13. Qxf4 Be6 14. Bb5+ c6 15. Ba4 O-O 16. Bb3 a5 17. h4 d5 18. h5 h6 19. Be3 f5 20. exd5 cxd5
21. Bd4 a4 22. Qe5 Qe7 23. Bxd5 Nc6 24. Bxc6 bxc6
0-1

[Event "King's Gambit Round One"]
[Site "SchemingMind.com"]
[Date "2007.12.05"]
[Round "-"]
[White "rao"]
[Black "Brerrabbit"]
[Result "1-0"]
[WhiteCountry "INT"]
[BlackCountry "SCO"]
[WhiteElo "1571"]
[WhiteRD "77"]
[BlackElo "1282"]
[BlackRD "68"]
[GameID "131818"]

1. e4 e5 2. f4 exf4 3. d4 Nf6 4. e5 Nd5 5. Bc4 Ne3 6. Bxe3 fxe3 7. Qf3 Qe7 8. Qxe3 Qb4+ 9. Qc3 Qxc3+ 10. Nxc3 Nc6
11. O-O-O d6 12. Nf3 Bf5 13. Nd5 O-O-O 14. Ne3 Be6 15. Bxe6+ fxe6 16. exd6 Rxd6 17. d5 Nb4 18. dxe6 Rxe6 19. Nc4 Re2 20. Rd2 Re4
21. Rhd1 Be7 22. Na3 c5 23. c3 Nd5 24. Rxd5 c4 25. Nb5 Kb8 26. Rd7 b6 27. Nxa7 Re8 28. Nd4 Bg5+ 29. Kb1 Re1 30. Rxe1 Rxe1+
31. Kc2 Re7 32. Ndc6+
1-0

[Event "King's Gambit Round One"]
[Site "SchemingMind.com"]
[Date "2007.12.05"]
[Round "-"]
[White "rao"]
[Black "olivsan"]
[Result "0-1"]
[WhiteCountry "INT"]
[BlackCountry "BRA"]
[WhiteElo "1400"]
[WhiteRD "70"]
[BlackElo "1541"]
[BlackRD "76"]
[GameID "131819"]

1. e4 e5 2. f4 exf4 3. d4 Qh4+ 4. Ke2 d6 5. Nf3 Bg4 6. Bxf4 Nf6 7. Kd3 Qh5 8. h3 Bxf3 9. Qxf3 Qxf3+ 10. gxf3 Nc6
11. c3 O-O-O 12. Na3 a6 13. d5 Ne5+ 14. Bxe5 dxe5 15. Nc4 Bd6 16. h4 h5 17. Bh3+ Nd7 18. Rag1 g6 19. Nxd6+ cxd6 20. b4 Kb8
21. a4 b6 22. a5 bxa5 23. bxa5 Nc5+ 24. Ke3 Nb3 25. Rb1 Kc7 26. Rxb3 Rb8 27. Rhb1 Rhe8 28. Rb6 Rxb6 29. Rxb6 Ra8 30. Rc6+ Kb7
0-1

[Event "King's Gambit Round One"]
[Site "SchemingMind.com"]
[Date "2007.12.09"]
[Round "-"]
[White "rao"]
[Black "pardesi"]
[Result "0-1"]
[WhiteCountry "INT"]
[BlackCountry "USA"]
[WhiteElo "1400"]
[WhiteRD "70"]
[BlackElo "1573"]
[BlackRD "63"]
[GameID "131820"]

1. e4 e5 2. f4 exf4 3. Nf3 d6 4. d3 g5 5. Nc3 g4 6. Nd4 Qh4+ 7. Kd2 Bg7 8. Ndb5 Qf2+ 9. Qe2 Qc5 10. Kd1 a6
11. d4 Qc6 12. Nd5 axb5 13. Qxb5 Qxb5 14. Nxc7+ Kd8 15. Nxb5 Nf6 16. Bxf4 Nxe4 17. Bg3 d5 18. Bd3 Nxg3 19. hxg3 Nc6 20. Nd6 Rf8
21. Rxh7 Bxd4 22. Nxf7+ Ke8 23. Nd6+ Kd8 24. Ke2 Ne5 25. Rf1 Rxf1 26. Kxf1 Nxd3 27. cxd3 Rxa2 28. Rh8+ Bxh8 29. Nf7+ Kc7 30. Nxh8 Rxb2
31. Nf7 b5 32. Ne5 b4 33. d4 Ba6+ 34. Ke1 Rxg2
0-1

[Event "King's Gambit Round One"]
[Site "SchemingMind.com"]
[Date "2007.12.09"]
[Round "-"]
[White "rao"]
[Black "cnile"]
[Result "1-0"]
[WhiteCountry "INT"]
[BlackCountry "SCO"]
[WhiteElo "1571"]
[WhiteRD "77"]
[BlackElo "1345"]
[BlackRD "81"]
[GameID "131821"]

1. e4 e5 2. f4 Bc5 3. d3 Nc6 4. Qg4 Qf6 5. f5 Nh6 6. Bxh6 gxh6 7. Nf3 d6 8. Nc3 Nd4 9. Nxd4 Bxd4 10. Nd5 Qd8
11. Qg7 Rf8 12. Qxh7 Qg5 13. c3 Bf2+ 14. Kxf2 Qd2+ 15. Be2 Kd8 16. Qg7 Re8 17. Qxf7 Bd7 18. Nf6 Qf4+ 19. Bf3 Qd2+ 20. Be2 Qf4+
21. Ke1 Qh4+ 22. g3
1-0